000 00285nam a2200109Ia 4500
008 200302s9999 xx 000 0 und d
100 _aPritchard
245 _aEnvironment Risk Management
260 _bEarthscan Publications Ltd, London and Sterling, VA
260 _c2000
300 _a112
999 _c4672
_d4672